Catalog

Record Details

Catalog Search



Available copies

  • 0 of 1 copy available at LARL/NWRL Consortium.

Current holds

0 current holds with 1 total copy.

Show Only Available Copies
Location Call Number / Copy Notes Barcode Shelving Location Status Due Date
Warroad Public Library LAW (Text) 35500003866710 Main Checked out 06/04/2026

Record details

  • ISBN: 0385515324 (alk.paper)
  • Physical Description: 321 p. ; 25 cm.
  • Edition: 1st ed.
  • Publisher: New York : Doubleday : c2006.
Subject: Government investigators > Fiction.
Genre: Political fiction.
Suspense fiction.
LDR 00873cam a2200265 a 4500
00171243
003LARL_NWRL_CONSORTIUM
00520060725071314.0
008060106s2006 nyu 000 1 eng
020 . ‡a0385515324 (alk.paper)
0243 . ‡a9780385515320
08200. ‡a813/.6 ‡222
1001 . ‡aLawson, Michael, ‡d1948- ‡0(LARL_NWRL_CONSORTIUM)192643
24514. ‡aThe second perimeter ‡n#2 / ‡cMike Lawson.
250 . ‡a1st ed.
260 . ‡aNew York : ‡bDoubleday : ‡cc2006.
300 . ‡a321 p. ; ‡c25 cm.
4900 . ‡aJoe DeMarco ; ‡v#2
650 0. ‡aGovernment investigators ‡vFiction. ‡0(LARL_NWRL_CONSORTIUM)165515
655 7. ‡aPolitical fiction. ‡2gsafd
655 7. ‡aSuspense fiction. ‡2gsafd
901 . ‡a71243 ‡bISxN ‡c71243 ‡tbiblio

Additional Resources